| 000 | 00457nam a22001817a 4500 | ||
|---|---|---|---|
| 003 | CEME | ||
| 005 | 20210628203154.0 | ||
| 008 | 210119b xxu||||| |||| 00| 0 eng d | ||
| 020 | _a81-239-0919-5 | ||
| 040 | _cceme | ||
| 082 | _a621.3825 GAG | ||
| 100 |
_aGagliardi, Robert .M _963755 |
||
| 245 | _aSatellite communications | ||
| 260 |
_aNEW DELHI _bCBS _c2004 |
||
| 300 | _aXVII,474 P | ||
| 650 |
_aSATELLITE COMMUNICATIONS _963756 |
||
| 942 |
_cBK _2ddc |
||
| 999 |
_c572477 _d572477 |
||